03151cam a22003618i 450000100090000000300050000900500170001400800410003101000170007202000310008903500130012004000290013304200080016205000240017008200370019410000360023124500920026726300090035926400380036830000290040633600260043533700280046133800270048950400510051650506750056752012510124265000320249365000280252590600450255394200470259895201270264599900170277222337817CSPC20250715090010.0211208s2022 nyu b 001 0 eng  a 2021057253 a9781032057514q(paperback) a22337817 aDLCbengerdacDLCdCSPC apcc00aHD58.87b.M364 202200a658.4063bM294q223/eng/202112081 aMaleyeff, John,d1955-eauthor.10aQuality service management :ba guide to improving business processes /cJohn Maleyeff. a2206 1aNew York, NY :bRoutledge,c2022. axxi, 202 pages ;c23 cm. atextbtxt2rdacontent aunmediatedbn2rdamedia avolumebnc2rdacarrier aIncludes bibliographical references and index.0 aIntroduction to service quality management -- Process thinking in service quality management -- Service customer needs analysis -- Service quality performance metric development -- Customer satisfaction survey development -- Basic tools for service quality analysis -- Statistical tools for service quality analysis -- Theoretical foundations for statistical quality analysis -- Service process stability analysis -- Service process capability analysis -- Service reliability and intervention analysis -- Quality improvement foundations -- Quality improvement project management -- Quality system creation and deployment -- Quality improvement with remote collaboration. a"Providing clear guidance for anyone servicing internal or external customers, this book offers a framework for analyzing and managing quality using a comprehensive closed-loop approach. This book cuts through the complexities of the mantra 'better, cheaper, faster' (BCF) and offers procedures for the evaluation of customer needs, the determination of performance metrics, and the design of effective customer satisfaction surveys. It details basic statistical techniques and packages the framework, procedures, and methods into a management construct that includes external quality certification systems and internal performance management systems. Importantly, the book also describes how these systems can be implemented in a virtual workplace. This quality management book will be essential to service-oriented firms (financial, government, healthcare, hospitality, etc.), as well as any firm with internal customer service processes such as human resource management, purchasing, and accounting. Professionals at all levels, corporate trainers, and students will welcome this book's common set of principles and tools, accompanied by many case studies that illustrate how they are applied in various environments"--cProvided by publisher. 0aReengineering (Management). 0aManagementxEvaluation. a7bcbccorignewd1eecipf20gy-gencatlg 2ddccBKe23h658.4063iM294qkCIRm2022n0 00102ddc4070aCSPCbCSPCcCIRd2025-07-15l0oCIR 658.4063 M294q 2022p029679r2025-07-15 09:00:38t1-1w2025-07-15yBK c29711d29711